00633nam a22001697a 4500008004100000020001800041020001500059050002100074100001900095245009200114250003400206260006700240300003100307440002800338650004800366650004900414170301b xxu||||| |||| 00| 0 eng d a9781565335486 a1565335481 aRT55 b.P43 2011 aSommer Sheryl  aRN pharmacology for nursing ; review module edition 6.0. /cSommer Sheryl [and others] a 6.0. breview module edition aOverland Park, KS :bAssessment Technologies Institute,c2013. axiv, 653p. :bill.;c28 cm aContent mastery series. aNursing xExaminations, questions, etc.  aPharmacologyxExaminations, questions, etc.